小田急電鉄の駅(五十音順) - Statistics

General Stats
  • This quiz has been taken 48 times
  • The average score is 56 of 70
Answer Stats
頭文字 路線 駅名 % Correct
小田原線 伊勢原
94%
小田原線 下北沢
94%
小田原線 海老名
91%
小田原線/江ノ島線 相模大野
91%
小田原線 新宿
91%
小田原線/多摩線 新百合ヶ丘
91%
江ノ島線 藤沢
91%
小田原線 百合ヶ丘
91%
小田原線 愛甲石田
89%
小田原線 厚木
89%
小田原線 小田原
89%
江ノ島線 片瀬江ノ島
89%
小田原線 登戸
89%
小田原線 本厚木
89%
小田原線 町田
89%
小田原線 南新宿
89%
小田原線 代々木上原
89%
多摩線 小田急多摩センター
86%
小田原線 開成
86%
多摩線 唐木田
86%
小田原線 喜多見
86%
小田原線 経堂
86%
小田原線 狛江
86%
江ノ島線 中央林間
86%
小田原線 向ヶ丘遊園
86%
江ノ島線 大和
86%
小田原線 和泉多摩川
83%
小田原線 新松田
83%
小田原線 成城学園前
83%
小田原線 玉川学園前
83%
小田原線 代々木八幡
83%
小田原線 足柄
80%
多摩線 小田急永山
80%
多摩線 黒川
80%
小田原線 豪徳寺
80%
小田原線 座間
80%
江ノ島線 湘南台
80%
小田原線 東海大学前
80%
小田原線 秦野
80%
多摩線 はるひ野
80%
小田原線 東北沢
80%
小田原線 小田急相模原
77%
小田原線 柿生
77%
小田原線 参宮橋
77%
小田原線 世田谷代田
77%
小田原線 祖師ヶ谷大蔵
77%
小田原線 千歳船橋
77%
小田原線 鶴川
77%
小田原線 鶴巻温泉
77%
江ノ島線 南林間
77%
小田原線 生田
74%
小田原線 梅ヶ丘
74%
江ノ島線 鵠沼海岸
74%
多摩線 栗平
74%
小田原線 相武台前
74%
江ノ島線 本鵠沼
74%
江ノ島線 長後
71%
江ノ島線 善行
69%
小田原線 富水
69%
江ノ島線 藤沢本町
69%
江ノ島線 六会日大前
69%
小田原線 栢山
66%
多摩線 五月台
66%
江ノ島線 東林間
66%
小田原線 螢田
66%
江ノ島線 高座渋谷
63%
江ノ島線 桜ヶ丘
60%
小田原線 渋沢
57%
江ノ島線 鶴間
57%
小田原線 読売ランド前
57%
No matching quizzes found
Score Distribution
Percent of People with Each Score
Percentile by Number Answered
Your Score History
You have not taken this quiz